Вып. 66 : Технология подземной разработки угольных месторождений; Разработка месторождений полезных ископаемых

Bibliografische gegevens
Parent link:Разработка месторождений полезных ископаемых: республиканский межведомственный научно-технический сборник. Вып. 66 : Технология подземной разработки угольных месторождений.— , 1964-1991
Andere auteurs: Зборщик М. П. Михаил Павлович (редактор)
Taal:Russisch
Gepubliceerd in: 1983
Onderwerpen:
Formaat: MixedMaterials Boek
KOHA link:https://koha.lib.tpu.ru/cgi-bin/koha/opac-detail.pl?biblionumber=293817

MARC

LEADER 00000nam2a2200000 4500
001 293817
005 20231102000630.0
035 |a (RuTPU)RU\TPU\book\318861 
035 |a RU\TPU\book\281456 
035 |a RU\TPU\book\281458 
035 |a RU\TPU\book\294647 
035 |a RU\TPU\book\313398 
090 |a 293817 
100 |a 20140425d1983 k y0rusy5003 ca 
101 0 |a rus 
102 |a UA 
105 |a a z 001zy 
200 0 |a Вып. 66 : Технология подземной разработки угольных месторождений  |f под ред. М. П. Зборщика 
210 |d 1983 
215 |a 123 с.  |c ил. 
320 |a Библиогр. в конце ст. 
461 1 |0 (RuTPU)RU\TPU\book\163941  |t Разработка месторождений полезных ископаемых  |o республиканский межведомственный научно-технический сборник  |v Вып. 66 : Технология подземной разработки угольных месторождений  |d 1964-1991 
606 1 |a Полезные ископаемые  |x Добыча  |2 stltpush  |3 (RuTPU)RU\TPU\subj\50075  |9 68824 
606 1 |a Угледобыча  |x Системы разработки  |x Подземный способ  |x Горно-геологические условия  |2 stltpush  |3 (RuTPU)RU\TPU\subj\62331  |9 79411 
610 1 |a планирование 
610 1 |a месторождения 
610 1 |a разработка 
610 1 |a горные машины 
610 1 |a комплексы 
610 1 |a комплектации 
610 1 |a угольные месторождения 
610 1 |a подземная разработка 
675 |a 622.3  |v 3 
675 |a 622.333:622.272  |v 3 
702 1 |a Зборщик  |b М. П.  |g Михаил Павлович  |4 340 
801 0 |a RU  |b RuMRKP  |c 19950704  |g psbo 
801 1 |a RU  |b 63413507  |c 20150506 
801 2 |a RU  |b 63413507  |c 20170131  |g RCR 
942 |c BK